Central Library OPAC University of Rajshahi

The other Taj Mahal : (Record no. 16479)

MARC details
000 -LEADER
fixed length control field 00883cam a22002652 4500
001 - CONTROL NUMBER
control field 16479
003 - CONTROL NUMBER IDENTIFIER
rucl marc code BD-RjUL
005 - DATE AND TIME OF LATEST TRANSACTION
control field 20211209000020.0
008 - FIXED-LENGTH DATA ELEMENTS--GENERAL INFORMATION
fixed length control field 140213t 1968at af 001 0 eng
020 ## - INTERNATIONAL STANDARD BOOK NUMBER
International Standard Book Number 0582712092
035 ## - SYSTEM CONTROL NUMBER
System control number (BD-RjUL)16534
040 ## - CATALOGING SOURCE
Original cataloging agency DLC
Transcribing agency DLC
Modifying agency AUT
-- EQO
-- BD-RjUL
Language of cataloging eng
041 ## - LANGUAGE CODE
Language code of text/sound track or separate title eng
082 00 - DEWEY DECIMAL CLASSIFICATION NUMBER
Classification number 725.82209944
Author mark and year YEO 1968
100 1# - MAIN ENTRY--PERSONAL NAME
Personal name Yeomans, John.
9 (RLIN) 50946
245 14 - TITLE STATEMENT
Title The other Taj Mahal :
Remainder of title what happened to the Sydney Opera House /
Statement of responsibility, etc. by John Yeomans.
260 ## - PUBLICATION, DISTRIBUTION, ETC. (IMPRINT)
Place of publication, distribution, etc. Camberwell, Vic. :
Name of publisher, distributor, etc. Longman Australia,
Date of publication, distribution, etc. c1968.
300 ## - PHYSICAL DESCRIPTION
Pagination 222 p., [16] leaves of plates :
Illustrations ill. ;
Size 19 cm.
500 ## - GENERAL NOTE
General note Label mounted on inside front cover: Distributed in the U.S.A. by Longman Inc., New York, N.Y.
General note Includes index.
610 20 - SUBJECT ADDED ENTRY--CORPORATE NAME
Corporate name or jurisdiction name as entry element Sydney Opera House.
942 ## - ADDED ENTRY ELEMENTS (KOHA)
Source of classification or shelving scheme Dewey Decimal Classification
Koha item type Books
Holdings
Lost status Source of classification or shelving scheme Damaged status Not for loan Collection code Permanent Location Current Location Shelving location Date acquired Source of acquisition Cost, normal purchase price Total Checkouts Full call number Date last seen Copy number Koha item type
  Dewey Decimal Classification   Not For Loan Non-fiction Central Library, University of Rajshahi Central Library, University of Rajshahi Rare Book Section 27/11/1969 Ziet 0.42   725.82209944 YEO 1968 13/02/2014 C-1 Books